Fr. Conceicao Rodrigues College of Engineering

CAD/CAM THEORY & CONCEPTS (Record no. 19584)

MARC details
000 -LEADER
fixed length control field 00338nam a2200145Ia 4500
082 ## - DEWEY DECIMAL CLASSIFICATION NUMBER
Classification number 670.285/SAR/GRE
100 ## - MAIN ENTRY--PERSONAL NAME
Personal name SAREEN KULDEEP/ GREWAL CHANDANDEEP
245 ## - TITLE STATEMENT
Title CAD/CAM THEORY & CONCEPTS
260 ## - PUBLICATION, DISTRIBUTION, ETC.
Name of publisher, distributor, etc. S.Chand & Co.
Place of publication, distribution, etc. New Delhi
Date of publication, distribution, etc. 2009
366 ## - TRADE AVAILABILITY INFORMATION
Publishers's discount category 10
300 ## - PHYSICAL DESCRIPTION
Extent 453
546 ## - LANGUAGE NOTE
Language note ENGLISH
650 ## - SUBJECT ADDED ENTRY--TOPICAL TERM
Topical term or geographic name entry element Production.
942 ## - ADDED ENTRY ELEMENTS (KOHA)
Koha item type BOOK
Holdings
Withdrawn status Lost status Damaged status Not for loan Collection Home library Current library Date acquired Source of acquisition Cost, normal purchase price Inventory number Total Checkouts Full call number Barcode Date last seen Cost, replacement price Price effective from Koha item type
        AFT Fr. Agnel's C.Rodrigues College of Engineering Fr. Agnel's C.Rodrigues College of Engineering 17/03/2023 DHARMA ENTERPRICE 225.00 0004942/31/04/2009   670.285/SAR/GRE AFT8055 17/03/2023 250.00   BOOK
        AFT Fr. Agnel's C.Rodrigues College of Engineering Fr. Agnel's C.Rodrigues College of Engineering 17/03/2023 DHARMA ENTERPRICE 225.00     670.285/SAR/GRE AFT8056 17/03/2023 250.00   BOOK
        AFT Fr. Agnel's C.Rodrigues College of Engineering Fr. Agnel's C.Rodrigues College of Engineering 17/03/2023 DHARMA ENTERPRICE 225.00 0004942/31/04/2009   670.285/SAR/GRE AFT8057 17/03/2023 250.00   BOOK